LEADER 01331nam a2200229 4500 001 000000341289 003 CaOOAMICUS 005 20200729142348.0 008 200729s1760 it 000 u ita r 026 $ai:o- sido hona L'Um (3) 1760 (R) 040 $aSeMil$bita 100 11$aTosetti, Urbano,$d<1714-1768>.$0(OLS)http://semarc/name/40786 245 00$aLettera apologetica dell'autore dell'appendice alle riflessioni del portoghese sul memoriale del p. generale de'Gesuiti presentato alla santità di papa Clemente 13. In risposta ad un'altra pubblicata contro di lui dal marchese Angelo Gabrielli circa un fatto esposto nella detta Appendice ec. 264 1$aIn Genova :$b[s.n.],$c1760. 300 $a14, [2] p. ;$c8° 500 $aSegn.: ?? 752 $aIT$dGenova 850 $aSeMil 852 $aSeMil$W1$xVenegono$y1$m3Z VI 2/4 FA$j220071$B232271$CSeMilBibl$Z2$F232271 $8I 996 $6245$aLettera apologetica dell'autore dell'appendice alle riflessioni del portoghese sul memoriale del p. generale de'Gesuiti presentato alla santità di papa Clemente 13. In risposta ad un'altra pubblicata contro di lui dal marchese Angelo Gabrielli circa un fatto esposto nella detta Appendice ec.$9(OLS)http://semarc/title/430319 996 $6264$aIn Genova :$b[s.n.]$9(OLS)http://semarc/publisher/54372 LEADER 00450nab a2200145 i 4500 001 000000309739 003 CaOOAMICUS 005 20180831173000.0 008 180831n xx uu u0 0und r 013 $a18833 040 $aSeMil$bita 100 1 $aRota, Pietro <1805-1890>.$0(OLS)http://semarc/name/3004 245 13$aIl Presepio di Betlemme. 773 0 $t[Luglio-Dicembre].$g503-516$w()273969 996 $6245$aIl Presepio di Betlemme$9(OLS)http://semarc/title/384735